Vista normal
Vista MARC
Entrada Nombre personal
Número de registros utilizados en: 1
001 - NÚMERO DE CONTROL
- Campo de control: 44740
003 - IDENTIFICADOR DE NÚMERO DE CONTROL
- Campo de control: OSt
005 - FECHA Y HORA DE LA ULTIMA MODIFICACION
- Campo de control: 20210218092412.0
008 - ELEMENTOS DE DATOS DE LONGITUD FIJA
- Campo de longitud fija: 210218|| aca||aabn | a|a d
040 ## - FUENTE DE LA CATALOGACIÓN
- Agencia original de catalogación: OSt
100 1# - ENCABEZAMIENTO--NOMBRE DE PERSONA
- Nombre personal: Fuentes Monterroza, Guillermo Edgarddo
670 ## - FUENTE DE DATOS ENCONTRADOS
- Fuente de citación: Investigación, El turismo como actuación humana de transmisión y creación de cultura en el proceso de formación de los futuros profesionales de este rubro en las instituciones de educación superior en el departamento de Santa Ana de El Salvador.-
670 ## - FUENTE DE DATOS ENCONTRADOS
- Fuente de citación: BMC.- 18-02-2021